000 00807nam a22002177a 4500
999 _c11806
_d11806
003 AR-CdUCM
008 190405b ||||| |||| 00| 0 spa d
040 _aMUNICIPALIDAD PROVINCIAL DEL CUSCO
_cBIBLIOTECA MUNICIPAL DEL CUSCO
082 _a330.97 /
_bW28 / 1935
100 _aWallace, Henry Agard
_929354
245 _aLas nuevas fronteras /
260 _aSantiago de Chile :
_bErcilla,
_c1935.
300 _a315 paginas ;
_c22 cm.
505 _aContenido :Entre mundos --Cambio de reglamentos --El avance agrario para cambiar los reglamentos --Terrenos inexplorados /
650 _aAgricultura y Estado
_94586
650 _aPolítica económica
_91407
650 _aEstados Unidos
_91805
700 _aElizalde, Rafael Héctor (traductor)
_929355
942 _2ddc
_cLIBROS
945 _arjall
_d2019-04-05